| 000 | 00721nam a22001457a 4500 | ||
|---|---|---|---|
| 008 | 170425b xxu||||| |||| 00| 0 eng d | ||
| 020 | _a9715422071 | ||
| 082 |
_21998 _aDFil 899.2113 _bM93 |
||
| 245 |
_aMuog : _bang naratibo ng kanayunan sa matagalang digmang bayan sa Pilipinas : kalipunan ng mga liham, talakayambuhay, talaarawan, reportahe, panayam, parangal/paggunita, pabula, dagli, sugilanon, maikling kwento, at bahagi ng nobela, 1972-1997/ _cForeword by Jose Maria Sison; Introduction by Gelacio Guillermo. |
||
| 260 |
_aQuezon City: _bUP Press, _cc1998. |
||
| 300 |
_avi, 416 pages: _billustrations; _c23 cm. |
||
| 650 | 0 |
_920259 _aTagalog language materials. |
|
| 650 | 0 |
_920260 _aTagalog fiction. |
|
| 942 |
_2ddc _cDFIL |
||
| 999 |
_c6686 _d6686 |
||